[Event "45th FIDE Chess Olympiad Open"]
[Site "Budapest, Hungary"]
[Date "2024.09.22"]
[Round "11"]
[White "Cori Quispe, Kevin Joel"]
[Black "Olsen, Filip Boe"]
[Result "1/2-1/2"]
[Board "83"]
[WhiteFideId "3814017"]
[BlackFideId "1440640"]
[WhiteTitle "GM"]
[BlackTitle "IM"]
[WhiteElo "2461"]
[BlackElo "2441"]
[WhiteTeam "Mexico"]
[BlackTeam "Denmark"]
[WhiteClock "0:16:46"]
[BlackClock "0:05:27"]
[Variant "Standard"]

1. e4 {[%clk 1:30:50]}  c6 {[%clk 1:30:46]} 2. d4 {[%clk 1:31:08]}  d5 {[%clk 1:31:05]} 3. e5 {[%clk 1:30:45]}  Bf5 {[%clk 1:31:21]} 4. h4 {[%clk 1:29:59]}  h5 {[%clk 1:29:58]} 5. c4 {[%clk 1:29:52]}  e6 {[%clk 1:30:05]} 6. Nc3 {[%clk 1:30:13]}  dxc4 {[%clk 1:29:09]} 7. Bxc4 {[%clk 1:28:43]}  Nd7 {[%clk 1:28:55]} 8. Nge2 {[%clk 1:28:59]}  Be7 {[%clk 1:28:25]} 9. g3 {[%clk 1:25:28]}  Nb6 {[%clk 1:13:21]} 10. Bd3 {[%clk 1:21:11]}  Bxd3 {[%clk 1:10:57]} 11. Qxd3 {[%clk 1:21:35]}  Nh6 {[%clk 1:10:55]} 12. Bxh6 {[%clk 1:19:48]}  Rxh6 {[%clk 1:11:17]} 13. Nf4 {[%clk 1:17:27]}  g6 {[%clk 1:03:03]} 14. Rd1 {[%clk 1:14:01]}  Nd5 {[%clk 0:56:36]} 15. Ncxd5 {[%clk 1:11:35]}  cxd5 {[%clk 0:56:57]} 16. Qb3 {[%clk 1:11:55]}  Qb6 {[%clk 0:53:24]} 17. Qa4+ {[%clk 0:50:49]}  Kd8 {[%clk 0:50:52]} 18. O-O {[%clk 0:50:16]}  Qb4 {[%clk 0:47:28]} 19. Qc2 {[%clk 0:49:05]}  Rc8 {[%clk 0:47:11]} 20. Qe2 {[%clk 0:49:29]}  Rh8 {[%clk 0:44:11]} 21. Rd3 {[%clk 0:40:32]}  Rc7 {[%clk 0:40:10]} 22. Rfd1 {[%clk 0:40:06]}  Qc4 {[%clk 0:37:25]} 23. a3 {[%clk 0:38:02]}  Kd7 {[%clk 0:29:10]} 24. Kf1 {[%clk 0:22:58]}  Rhc8 {[%clk 0:28:17]} 25. Rf3 {[%clk 0:23:11]}  Ke8 {[%clk 0:23:36]} 26. Qxc4 {[%clk 0:19:05]}  Rxc4 {[%clk 0:24:04]} 27. Ng2 {[%clk 0:19:23]}  Bd8 {[%clk 0:18:44]} 28. Rfd3 {[%clk 0:19:26]}  b5 {[%clk 0:15:07]} 29. Ne3 {[%clk 0:19:34]}  Ra4 {[%clk 0:14:29]} 30. Ke2 {[%clk 0:10:54]}  b4 {[%clk 0:14:14]} 31. axb4 {[%clk 0:10:38]}  Rxb4 {[%clk 0:14:27]} 32. R1d2 {[%clk 0:10:53]}  Ba5 {[%clk 0:12:26]} 33. b3 {[%clk 0:10:13]}  Bd8 {[%clk 0:08:27]} 34. Ra2 {[%clk 0:07:50]}  a5 {[%clk 0:08:18]} 35. Nc2 {[%clk 0:08:05]}  Rb5 {[%clk 0:08:28]} 36. Kd2 {[%clk 0:06:33]}  Rcb8 {[%clk 0:07:21]} 37. Ra3 {[%clk 0:06:57]}  g5 {[%clk 0:05:13]} 38. hxg5 {[%clk 0:05:54]}  Bxg5+ {[%clk 0:05:41]} 39. Kd1 {[%clk 0:05:34]}  Be7 {[%clk 0:03:22]} 40. Ra1 {[%clk 0:05:36]}  Bd8 {[%clk 0:02:48]} 41. Ra3 {[%clk 0:05:29]}  Be7 {[%clk 0:27:49]} 42. Ra1 {[%clk 0:34:51]}  R8b7 {[%clk 0:20:00]} 43. Rc3 {[%clk 0:31:00]}  Kf8 {[%clk 0:17:25]} 44. Ke2 {[%clk 0:29:07]}  Kg7 {[%clk 0:17:32]} 45. Ne3 {[%clk 0:24:24]}  f6 {[%clk 0:14:10]} 46. Rc6 {[%clk 0:22:42]}  Kf7 {[%clk 0:12:45]} 47. Rh1 {[%clk 0:16:57]}  R5b6 {[%clk 0:12:01]} 48. Rc8 {[%clk 0:15:25]}  Rb8 {[%clk 0:09:13]} 49. Rc7 {[%clk 0:15:32]}  R8b7 {[%clk 0:07:32]} 50. Rc8 {[%clk 0:15:51]}  Rb8 {[%clk 0:07:11]} 51. Rc7 {[%clk 0:16:06]}  R8b7 {[%clk 0:06:46]} 52. Rc8 {[%clk 0:16:26]}  Rb8 {[%clk 0:05:27]} 53. Rc7 {[%clk 0:16:46]} 1/2-1/2

[Event "45th FIDE Chess Olympiad Open"]
[Site "Budapest, Hungary"]
[Date "2024.09.22"]
[Round "11"]
[White "Ramsdal, Jens Albert"]
[Black "Palma Villanueva, Miguel Tadeo"]
[Result "0-1"]
[Board "84"]
[WhiteFideId "1429221"]
[BlackFideId "5133483"]
[WhiteTitle "FM"]
[BlackTitle "FM"]
[WhiteElo "2328"]
[BlackElo "2266"]
[WhiteTeam "Denmark"]
[BlackTeam "Mexico"]
[WhiteClock "0:03:51"]
[BlackClock "0:01:47"]
[Variant "Standard"]

1. d4 {[%clk 1:30:57]}  g6 {[%clk 1:30:54]} 2. e4 {[%clk 1:31:14]}  Bg7 {[%clk 1:31:21]} 3. Nc3 {[%clk 1:31:29]}  d5 {[%clk 1:31:25]} 4. exd5 {[%clk 1:26:10]}  Nf6 {[%clk 1:31:43]} 5. Bb5+ {[%clk 1:22:09]}  Nbd7 {[%clk 1:32:08]} 6. Nf3 {[%clk 1:21:48]}  O-O {[%clk 1:31:35]} 7. O-O {[%clk 1:10:21]}  Nb6 {[%clk 1:30:04]} 8. Re1 {[%clk 1:10:11]}  Nbxd5 {[%clk 1:27:50]} 9. Nxd5 {[%clk 1:10:28]}  Nxd5 {[%clk 1:28:01]} 10. Bf1 {[%clk 1:01:37]}  c6 {[%clk 1:15:37]} 11. Bg5 {[%clk 0:58:41]}  h6 {[%clk 1:12:01]} 12. Bh4 {[%clk 0:58:03]}  g5 {[%clk 1:11:33]} 13. Bg3 {[%clk 0:56:53]}  Bg4 {[%clk 1:10:12]} 14. Be2 {[%clk 0:53:07]}  Qb6 {[%clk 1:03:11]} 15. c4 {[%clk 0:43:39]}  Nf4 {[%clk 0:50:26]} 16. Bxf4 {[%clk 0:42:59]}  gxf4 {[%clk 0:50:35]} 17. Ne5 {[%clk 0:37:58]}  Bxe2 {[%clk 0:46:50]} 18. Rxe2 {[%clk 0:38:03]}  Rad8 {[%clk 0:45:28]} 19. Rd2 {[%clk 0:35:24]}  Qa5 {[%clk 0:38:26]} 20. Nf3 {[%clk 0:32:05]}  Rd7 {[%clk 0:31:17]} 21. a3 {[%clk 0:16:16]}  Rfd8 {[%clk 0:30:58]} 22. b4 {[%clk 0:12:48]}  Qh5 {[%clk 0:28:23]} 23. Qe2 {[%clk 0:11:26]}  e5 {[%clk 0:20:43]} 24. Rad1 {[%clk 0:11:33]}  exd4 {[%clk 0:20:41]} 25. Qe4 {[%clk 0:12:01]}  Qg4 {[%clk 0:18:47]} 26. Rd3 {[%clk 0:09:07]}  Rd6 {[%clk 0:14:31]} 27. h3 {[%clk 0:08:47]}  Qe6 {[%clk 0:12:05]} 28. Qxe6 {[%clk 0:07:01]}  Rxe6 {[%clk 0:10:25]} 29. Kf1 {[%clk 0:07:26]}  b6 {[%clk 0:08:16]} 30. Re1 {[%clk 0:05:18]}  Rde8 {[%clk 0:04:51]} 31. Rxe6 {[%clk 0:04:03]}  Rxe6 {[%clk 0:04:45]} 32. Rd2 {[%clk 0:03:26]}  c5 {[%clk 0:04:28]} 33. b5 {[%clk 0:03:54]}  Kf8 {[%clk 0:03:54]} 34. Ne1 {[%clk 0:04:23]}  Ke7 {[%clk 0:01:28]} 35. Re2 {[%clk 0:04:51]}  Kf6 {[%clk 0:01:28]} 36. Rxe6+ {[%clk 0:03:51]}  fxe6 {[%clk 0:01:48]} 37. f3 {[%clk 0:03:22]}  Kf5 {[%clk 0:02:13]} 38. Nd3 {[%clk 0:02:51]}  Bf6 {[%clk 0:02:14]} 39. Ke2 {[%clk 0:01:40]}  Bh4 {[%clk 0:02:01]} 40. a4 {[%clk 0:01:44]}  e5 {[%clk 0:01:49]} 41. a5 {[%clk 0:01:32]}  bxa5 {[%clk 0:26:16]} 42. Nxc5 {[%clk 0:30:43]}  Be7 {[%clk 0:26:40]} 43. Ne4 {[%clk 0:17:11]}  Ke6 {[%clk 0:24:49]} 44. Kd3 {[%clk 0:15:13]}  a4 {[%clk 0:23:21]} 45. Kc2 {[%clk 0:15:42]}  Bb4 {[%clk 0:23:36]} 46. Nf2 {[%clk 0:15:10]}  Kf5 {[%clk 0:21:05]} 47. Nd3 {[%clk 0:14:20]}  Be7 {[%clk 0:20:13]} 48. c5 {[%clk 0:09:54]}  e4 {[%clk 0:07:41]} 49. fxe4+ {[%clk 0:10:22]}  Kxe4 {[%clk 0:08:07]} 50. c6 {[%clk 0:10:31]}  Bd6 {[%clk 0:08:34]} 51. Nc5+ {[%clk 0:07:51]}  Ke3 {[%clk 0:09:01]} 52. Nxa4 {[%clk 0:08:02]}  d3+ {[%clk 0:06:17]} 53. Kd1 {[%clk 0:08:27]}  Kf2 {[%clk 0:06:44]} 54. b6 {[%clk 0:04:20]}  axb6 {[%clk 0:07:08]} 55. Nxb6 {[%clk 0:04:49]}  Kxg2 {[%clk 0:07:17]} 56. Nc4 {[%clk 0:05:03]}  f3 {[%clk 0:06:03]} 57. Ne3+ {[%clk 0:05:02]}  Kxh3 {[%clk 0:01:39]} 58. Kd2 {[%clk 0:05:24]}  f2 {[%clk 0:00:47]} 59. Kxd3 {[%clk 0:05:42]}  Kh2 {[%clk 0:01:14]} 60. Ke2 {[%clk 0:03:25]}  Kg1 {[%clk 0:01:35]} 61. Kf3 {[%clk 0:03:51]}  h5 {[%clk 0:01:47]} 0-1

[Event "45th FIDE Chess Olympiad Open"]
[Site "Budapest, Hungary"]
[Date "2024.09.22"]
[Round "11"]
[White "Dragnev, Valentin"]
[Black "Kantor, Gergely"]
[Result "1-0"]
[Board "85"]
[WhiteFideId "1634852"]
[BlackFideId "751499"]
[WhiteTitle "GM"]
[BlackTitle "GM"]
[WhiteElo "2556"]
[BlackElo "2537"]
[WhiteTeam "Austria"]
[BlackTeam "Hungary C"]
[WhiteClock "0:17:47"]
[BlackClock "0:07:59"]
[Variant "Standard"]

1. e4 {[%clk 1:30:57]}  e5 {[%clk 1:30:58]} 2. Nf3 {[%clk 1:31:18]}  Nc6 {[%clk 1:31:26]} 3. Bb5 {[%clk 1:31:39]}  a6 {[%clk 1:31:52]} 4. Ba4 {[%clk 1:32:01]}  Nf6 {[%clk 1:32:19]} 5. Nc3 {[%clk 1:32:21]}  b5 {[%clk 1:25:48]} 6. Bb3 {[%clk 1:32:27]}  Be7 {[%clk 1:26:12]} 7. a4 {[%clk 1:31:53]}  b4 {[%clk 1:22:37]} 8. Nd5 {[%clk 1:32:14]}  Na5 {[%clk 1:19:57]} 9. Ba2 {[%clk 1:25:05]}  Nxd5 {[%clk 1:15:10]} 10. Bxd5 {[%clk 1:25:24]}  c6 {[%clk 1:15:11]} 11. Ba2 {[%clk 1:25:37]}  d6 {[%clk 1:12:51]} 12. d4 {[%clk 1:22:27]}  Qc7 {[%clk 1:10:39]} 13. dxe5 {[%clk 1:11:10]}  dxe5 {[%clk 1:11:02]} 14. Ng5 {[%clk 1:11:06]}  O-O {[%clk 1:06:11]} 15. Qh5 {[%clk 1:08:49]}  Bxg5 {[%clk 1:06:15]} 16. Qxg5 {[%clk 1:04:38]}  c5 {[%clk 0:59:03]} 17. Bd5 {[%clk 1:00:20]}  Bb7 {[%clk 0:56:15]} 18. Bxb7 {[%clk 1:00:28]}  Qxb7 {[%clk 0:53:10]} 19. Qg4 {[%clk 0:55:12]}  Rad8 {[%clk 0:45:48]} 20. Be3 {[%clk 0:47:53]}  Qc6 {[%clk 0:37:33]} 21. O-O {[%clk 0:28:38]}  Nc4 {[%clk 0:36:51]} 22. Bg5 {[%clk 0:27:41]}  Rd4 {[%clk 0:35:08]} 23. b3 {[%clk 0:27:50]}  Rxe4 {[%clk 0:22:59]} 24. Qf3 {[%clk 0:27:13]}  f6 {[%clk 0:22:29]} 25. Rae1 {[%clk 0:27:04]}  Nd6 {[%clk 0:20:59]} 26. Be3 {[%clk 0:24:53]}  f5 {[%clk 0:17:48]} 27. Rd1 {[%clk 0:23:44]}  Nb7 {[%clk 0:16:20]} 28. h3 {[%clk 0:19:05]}  c4 {[%clk 0:16:10]} 29. Rd2 {[%clk 0:14:19]}  h6 {[%clk 0:08:39]} 30. Rfd1 {[%clk 0:14:22]}  Rf7 {[%clk 0:09:01]} 31. Rd5 {[%clk 0:10:45]}  Qe6 {[%clk 0:07:41]} 32. Qe2 {[%clk 0:05:39]}  f4 {[%clk 0:07:10]} 33. Qf3 {[%clk 0:06:07]}  Qf5 {[%clk 0:06:35]} 34. Bb6 {[%clk 0:06:01]}  Kh7 {[%clk 0:05:04]} 35. a5 {[%clk 0:05:12]}  Kg8 {[%clk 0:05:19]} 36. Kf1 {[%clk 0:04:16]}  h5 {[%clk 0:04:29]} 37. Kg1 {[%clk 0:02:46]}  g6 {[%clk 0:04:18]} 38. Kf1 {[%clk 0:01:55]}  Kh7 {[%clk 0:04:17]} 39. g4 {[%clk 0:00:39]}  fxg3 {[%clk 0:01:30]} 40. Qxf5 {[%clk 0:01:07]}  Rxf5 {[%clk 0:00:44]} 41. Rd7+ {[%clk 0:01:00]}  Kh6 {[%clk 0:28:36]} 42. Rxb7 {[%clk 0:29:46]}  cxb3 {[%clk 0:27:01]} 43. cxb3 {[%clk 0:29:10]}  gxf2 {[%clk 0:26:18]} 44. h4 {[%clk 0:26:05]}  Rf8 {[%clk 0:15:03]} 45. Bc5 {[%clk 0:24:03]}  Rf3 {[%clk 0:13:27]} 46. Be7 {[%clk 0:23:16]}  Rg4 {[%clk 0:11:33]} 47. Bg5+ {[%clk 0:21:46]}  Rxg5 {[%clk 0:12:01]} 48. hxg5+ {[%clk 0:22:05]}  Kxg5 {[%clk 0:12:29]} 49. Rxb4 {[%clk 0:21:50]}  h4 {[%clk 0:11:47]} 50. Kg2 {[%clk 0:21:49]}  Rf4 {[%clk 0:10:39]} 51. Rxf4 {[%clk 0:21:17]}  Kxf4 {[%clk 0:10:35]} 52. Kxf2 {[%clk 0:20:35]}  e4 {[%clk 0:10:44]} 53. b4 {[%clk 0:20:20]}  g5 {[%clk 0:10:56]} 54. b5 {[%clk 0:20:17]}  e3+ {[%clk 0:11:23]} 55. Ke2 {[%clk 0:20:38]}  axb5 {[%clk 0:07:59]} 56. a6 {[%clk 0:17:47]} 1-0

[Event "45th FIDE Chess Olympiad Open"]
[Site "Budapest, Hungary"]
[Date "2024.09.22"]
[Round "11"]
[White "Krstulovic, Alex"]
[Black "Ragger, Markus"]
[Result "1-0"]
[Board "86"]
[WhiteFideId "760056"]
[BlackFideId "1610856"]
[WhiteTitle "IM"]
[BlackTitle "GM"]
[WhiteElo "2452"]
[BlackElo "2601"]
[WhiteTeam "Hungary C"]
[BlackTeam "Austria"]
[WhiteClock "0:35:16"]
[BlackClock "0:16:00"]
[Variant "Standard"]

1. d4 {[%clk 1:30:57]}  Nf6 {[%clk 1:30:59]} 2. c4 {[%clk 1:31:22]}  e6 {[%clk 1:31:23]} 3. Nc3 {[%clk 1:31:47]}  d5 {[%clk 1:31:50]} 4. cxd5 {[%clk 1:32:12]}  exd5 {[%clk 1:32:15]} 5. Bg5 {[%clk 1:32:36]}  c6 {[%clk 1:32:36]} 6. e3 {[%clk 1:33:02]}  Bd6 {[%clk 1:32:40]} 7. Bd3 {[%clk 1:33:16]}  O-O {[%clk 1:32:50]} 8. Nf3 {[%clk 1:33:41]}  Re8 {[%clk 1:32:32]} 9. O-O {[%clk 1:34:03]}  Bg4 {[%clk 1:32:42]} 10. Qb3 {[%clk 1:34:27]}  Na6 {[%clk 1:32:58]} 11. Nd2 {[%clk 1:34:41]}  Bh5 {[%clk 1:32:04]} 12. Rae1 {[%clk 1:33:47]}  Bg6 {[%clk 1:24:29]} 13. Bxg6 {[%clk 1:33:29]}  hxg6 {[%clk 1:24:57]} 14. e4 {[%clk 1:33:32]}  Bxh2+ {[%clk 0:53:00]} 15. Kxh2 {[%clk 1:18:56]}  Ng4+ {[%clk 0:52:15]} 16. Kg3 {[%clk 1:19:22]}  Qxg5 {[%clk 0:52:02]} 17. f4 {[%clk 1:19:47]}  Qf6 {[%clk 0:46:24]} 18. Kxg4 {[%clk 1:19:32]}  Qxd4 {[%clk 0:46:40]} 19. Nf3 {[%clk 1:18:54]}  Qf6 {[%clk 0:46:47]} 20. exd5 {[%clk 1:13:47]}  Qf5+ {[%clk 0:39:52]} 21. Kg3 {[%clk 1:14:00]}  Nc5 {[%clk 0:40:03]} 22. Qc4 {[%clk 1:12:09]}  Nd3 {[%clk 0:39:29]} 23. Rxe8+ {[%clk 1:05:59]}  Rxe8 {[%clk 0:38:28]} 24. dxc6 {[%clk 1:06:10]}  bxc6 {[%clk 0:37:21]} 25. b3 {[%clk 1:05:32]}  Re3 {[%clk 0:27:32]} 26. Qd4 {[%clk 1:05:16]}  Qxf4+ {[%clk 0:27:54]} 27. Qxf4 {[%clk 1:05:31]}  Nxf4 {[%clk 0:28:22]} 28. Kxf4 {[%clk 1:04:18]}  Rxc3 {[%clk 0:28:50]} 29. Rd1 {[%clk 1:03:09]}  f6 {[%clk 0:29:18]} 30. Rd7 {[%clk 1:02:00]}  Rc2 {[%clk 0:25:59]} 31. Rxa7 {[%clk 1:00:09]}  Rxg2 {[%clk 0:26:25]} 32. Nd4 {[%clk 1:00:35]}  Kh7 {[%clk 0:26:40]} 33. Nxc6 {[%clk 0:58:28]}  g5+ {[%clk 0:26:51]} 34. Kf3 {[%clk 0:58:25]}  Rb2 {[%clk 0:26:02]} 35. Ne7 {[%clk 0:48:52]}  Rb1 {[%clk 0:24:00]} 36. Rb7 {[%clk 0:43:00]}  Rf1+ {[%clk 0:20:43]} 37. Kg2 {[%clk 0:42:39]}  Re1 {[%clk 0:21:03]} 38. a4 {[%clk 0:42:37]}  Ra1 {[%clk 0:17:31]} 39. Nc6 {[%clk 0:39:21]}  Kg6 {[%clk 0:16:50]} 40. a5 {[%clk 0:35:40]}  g4 {[%clk 0:16:56]} 41. Rb4 {[%clk 0:35:46]}  Kg5 {[%clk 0:16:56]} 42. Ra4 {[%clk 0:35:52]}  Rc1 {[%clk 0:16:00]} 43. Nd4 {[%clk 0:35:16]} 1-0

[Event "45th FIDE Chess Olympiad Open"]
[Site "Budapest, Hungary"]
[Date "2024.09.22"]
[Round "11"]
[White "Blohberger, Felix"]
[Black "Juhasz, Agoston"]
[Result "1-0"]
[Board "87"]
[WhiteFideId "1632051"]
[BlackFideId "778346"]
[WhiteTitle "GM"]
[BlackTitle "IM"]
[WhiteElo "2520"]
[BlackElo "2427"]
[WhiteTeam "Austria"]
[BlackTeam "Hungary C"]
[WhiteClock "0:05:08"]
[BlackClock "0:01:50"]
[Variant "Standard"]

1. Nf3 {[%clk 1:30:52]}  d5 {[%clk 1:30:04]} 2. e3 {[%clk 1:31:18]}  Nf6 {[%clk 1:30:03]} 3. c4 {[%clk 1:31:41]}  e6 {[%clk 1:29:07]} 4. b3 {[%clk 1:32:07]}  Bd6 {[%clk 1:26:57]} 5. d4 {[%clk 1:25:26]}  O-O {[%clk 1:19:59]} 6. Bd3 {[%clk 1:25:49]}  b6 {[%clk 1:10:18]} 7. O-O {[%clk 1:25:54]}  Bb7 {[%clk 1:10:08]} 8. cxd5 {[%clk 1:26:19]}  exd5 {[%clk 1:06:28]} 9. Ba3 {[%clk 1:26:43]}  c5 {[%clk 1:00:46]} 10. Nc3 {[%clk 1:26:50]}  Re8 {[%clk 0:57:09]} 11. Rc1 {[%clk 1:25:00]}  Nbd7 {[%clk 0:55:04]} 12. Na4 {[%clk 0:55:42]}  Qe7 {[%clk 0:49:21]} 13. Bb5 {[%clk 0:44:40]}  Red8 {[%clk 0:47:03]} 14. Qe2 {[%clk 0:40:36]}  Ne4 {[%clk 0:42:27]} 15. Ba6 {[%clk 0:35:41]}  Bc6 {[%clk 0:38:08]} 16. Nc3 {[%clk 0:32:58]}  Nxc3 {[%clk 0:34:34]} 17. Rxc3 {[%clk 0:31:49]}  Nf6 {[%clk 0:34:41]} 18. Rc2 {[%clk 0:30:37]}  Bd7 {[%clk 0:32:05]} 19. h3 {[%clk 0:30:08]}  Bf5 {[%clk 0:31:47]} 20. Rcc1 {[%clk 0:30:28]}  Be4 {[%clk 0:30:19]} 21. Rfd1 {[%clk 0:29:53]}  h6 {[%clk 0:29:33]} 22. Bb2 {[%clk 0:26:28]}  Rd7 {[%clk 0:21:17]} 23. Bb5 {[%clk 0:20:09]}  Rc7 {[%clk 0:20:36]} 24. dxc5 {[%clk 0:17:35]}  bxc5 {[%clk 0:20:35]} 25. Bd3 {[%clk 0:17:35]}  Bxf3 {[%clk 0:15:32]} 26. Qxf3 {[%clk 0:17:58]}  Be5 {[%clk 0:15:43]} 27. Bxe5 {[%clk 0:16:52]}  Qxe5 {[%clk 0:16:11]} 28. Rc2 {[%clk 0:16:26]}  Rd8 {[%clk 0:15:14]} 29. Rdc1 {[%clk 0:11:38]}  Qd6 {[%clk 0:13:56]} 30. Qf4 {[%clk 0:11:16]}  Qb6 {[%clk 0:06:04]} 31. Qa4 {[%clk 0:07:32]}  Nd7 {[%clk 0:06:00]} 32. Bf5 {[%clk 0:04:59]}  Ne5 {[%clk 0:05:22]} 33. Qf4 {[%clk 0:03:41]}  Qd6 {[%clk 0:05:31]} 34. Rd2 {[%clk 0:03:36]}  Ng6 {[%clk 0:00:49]} 35. Qxd6 {[%clk 0:02:57]}  Rxd6 {[%clk 0:01:18]} 36. Rdc2 {[%clk 0:02:28]}  Rdc6 {[%clk 0:00:35]} 37. Bd3 {[%clk 0:00:35]}  a6 {[%clk 0:00:53]} 38. Bxg6 {[%clk 0:00:48]}  fxg6 {[%clk 0:01:11]} 39. Rd2 {[%clk 0:01:11]}  Rd7 {[%clk 0:00:32]} 40. Rcd1 {[%clk 0:01:06]}  Rcd6 {[%clk 0:00:37]} 41. Rc1 {[%clk 0:28:43]}  Rc6 {[%clk 0:29:17]} 42. e4 {[%clk 0:25:30]}  d4 {[%clk 0:28:12]} 43. Rc4 {[%clk 0:24:33]}  a5 {[%clk 0:27:08]} 44. f3 {[%clk 0:20:12]}  Kf7 {[%clk 0:26:55]} 45. Rdc2 {[%clk 0:20:32]}  Ke6 {[%clk 0:12:12]} 46. Ra4 {[%clk 0:11:32]}  Ke5 {[%clk 0:11:06]} 47. Rxa5 {[%clk 0:09:57]}  d3 {[%clk 0:09:48]} 48. Rd2 {[%clk 0:10:22]}  Kd4 {[%clk 0:09:51]} 49. Kf2 {[%clk 0:10:46]}  c4 {[%clk 0:09:43]} 50. bxc4 {[%clk 0:07:32]}  Kxc4 {[%clk 0:05:24]} 51. Ke3 {[%clk 0:07:43]}  Rcd6 {[%clk 0:05:37]} 52. Ra4+ {[%clk 0:07:44]}  Kc3 {[%clk 0:05:52]} 53. Ra3+ {[%clk 0:07:38]}  Kc4 {[%clk 0:06:19]} 54. h4 {[%clk 0:06:13]}  g5 {[%clk 0:00:37]} 55. hxg5 {[%clk 0:06:10]}  hxg5 {[%clk 0:01:05]} 56. g4 {[%clk 0:04:08]}  Rd8 {[%clk 0:00:36]} 57. Rb3 {[%clk 0:03:52]}  g6 {[%clk 0:00:44]} 58. Rb1 {[%clk 0:03:40]}  Rf6 {[%clk 0:00:44]} 59. Rc1+ {[%clk 0:03:45]}  Kb4 {[%clk 0:01:13]} 60. Rcd1 {[%clk 0:03:50]}  Rdf8 {[%clk 0:00:36]} 61. Rf2 {[%clk 0:04:04]}  Rd6 {[%clk 0:00:35]} 62. Rxd3 {[%clk 0:04:11]}  Rxd3+ {[%clk 0:00:34]} 63. Kxd3 {[%clk 0:04:33]}  Kc5 {[%clk 0:00:53]} 64. Ke3 {[%clk 0:04:30]}  Kd6 {[%clk 0:00:59]} 65. Rd2+ {[%clk 0:04:13]}  Ke5 {[%clk 0:01:07]} 66. Rd5+ {[%clk 0:04:16]}  Kf6 {[%clk 0:01:36]} 67. Rd6+ {[%clk 0:04:02]}  Kf7 {[%clk 0:01:08]} 68. a4 {[%clk 0:03:35]}  Ra8 {[%clk 0:01:24]} 69. Rd5 {[%clk 0:03:53]}  Kf6 {[%clk 0:01:17]} 70. a5 {[%clk 0:04:17]}  Rb8 {[%clk 0:01:38]} 71. a6 {[%clk 0:04:08]}  Rb3+ {[%clk 0:01:32]} 72. Rd3 {[%clk 0:04:33]}  Rb6 {[%clk 0:01:34]} 73. Ra3 {[%clk 0:04:42]}  Ke5 {[%clk 0:01:50]} 74. Ra5+ {[%clk 0:05:08]} 1-0

[Event "45th FIDE Chess Olympiad Open"]
[Site "Budapest, Hungary"]
[Date "2024.09.22"]
[Round "11"]
[White "Vanczak, Tamas"]
[Black "Baidetskyi, Valentin"]
[Result "1/2-1/2"]
[Board "88"]
[WhiteFideId "759929"]
[BlackFideId "14142317"]
[WhiteTitle "IM"]
[BlackTitle "IM"]
[WhiteElo "2401"]
[BlackElo "2512"]
[WhiteTeam "Hungary C"]
[BlackTeam "Austria"]
[WhiteClock "0:04:26"]
[BlackClock "0:09:04"]
[Variant "Standard"]

1. e4 {[%clk 1:30:55]}  e5 {[%clk 1:30:59]} 2. Nf3 {[%clk 1:31:15]}  Nc6 {[%clk 1:31:28]} 3. Bc4 {[%clk 1:31:35]}  Nf6 {[%clk 1:31:57]} 4. d3 {[%clk 1:31:57]}  Be7 {[%clk 1:32:25]} 5. O-O {[%clk 1:32:11]}  O-O {[%clk 1:32:53]} 6. Re1 {[%clk 1:32:26]}  d6 {[%clk 1:33:22]} 7. a4 {[%clk 1:32:41]}  Be6 {[%clk 1:33:43]} 8. Bxe6 {[%clk 1:32:50]}  fxe6 {[%clk 1:34:08]} 9. a5 {[%clk 1:30:14]}  a6 {[%clk 1:30:20]} 10. c3 {[%clk 1:28:04]}  Nd7 {[%clk 1:25:17]} 11. d4 {[%clk 1:16:50]}  Bf6 {[%clk 1:10:13]} 12. Be3 {[%clk 1:12:45]}  Qe8 {[%clk 1:06:59]} 13. Nbd2 {[%clk 1:11:08]}  Qf7 {[%clk 0:59:28]} 14. Qb3 {[%clk 1:00:52]}  Rfb8 {[%clk 0:57:58]} 15. Qa4 {[%clk 0:55:35]}  h6 {[%clk 0:47:04]} 16. Rad1 {[%clk 0:52:41]}  d5 {[%clk 0:41:39]} 17. Nb3 {[%clk 0:45:37]}  Re8 {[%clk 0:34:10]} 18. dxe5 {[%clk 0:39:11]}  Ncxe5 {[%clk 0:33:02]} 19. Nxe5 {[%clk 0:38:58]}  Nxe5 {[%clk 0:31:16]} 20. Nc5 {[%clk 0:34:02]}  b6 {[%clk 0:20:09]} 21. Nd3 {[%clk 0:32:04]}  Nc4 {[%clk 0:19:26]} 22. axb6 {[%clk 0:30:10]}  cxb6 {[%clk 0:19:49]} 23. exd5 {[%clk 0:22:58]}  exd5 {[%clk 0:20:00]} 24. Bd4 {[%clk 0:22:47]}  Rxe1+ {[%clk 0:07:01]} 25. Rxe1 {[%clk 0:23:09]}  b5 {[%clk 0:07:08]} 26. Qb4 {[%clk 0:21:50]}  Re8 {[%clk 0:03:59]} 27. h3 {[%clk 0:14:36]}  Rxe1+ {[%clk 0:03:15]} 28. Nxe1 {[%clk 0:15:01]}  Qe6 {[%clk 0:03:40]} 29. Nf3 {[%clk 0:14:41]}  Be7 {[%clk 0:03:55]} 30. Bc5 {[%clk 0:09:18]}  Bxc5 {[%clk 0:04:15]} 31. Qxc5 {[%clk 0:09:46]}  Nxb2 {[%clk 0:04:37]} 32. Nd4 {[%clk 0:09:03]}  Qe1+ {[%clk 0:04:15]} 33. Kh2 {[%clk 0:09:32]}  Qe5+ {[%clk 0:04:37]} 34. g3 {[%clk 0:08:32]}  Kh7 {[%clk 0:02:58]} 35. Qc8 {[%clk 0:06:59]}  Qf6 {[%clk 0:02:26]} 36. f4 {[%clk 0:06:52]}  Nc4 {[%clk 0:02:45]} 37. Ne6 {[%clk 0:05:37]}  Nd6 {[%clk 0:03:03]} 38. Qd7 {[%clk 0:05:45]}  Ne4 {[%clk 0:01:46]} 39. Qe8 {[%clk 0:04:27]}  Nd6 {[%clk 0:01:37]} 40. Qd7 {[%clk 0:04:49]}  Ne4 {[%clk 0:00:36]} 41. Qxd5 {[%clk 0:24:45]}  Nxc3 {[%clk 0:23:58]} 42. Qd3+ {[%clk 0:23:11]}  Kg8 {[%clk 0:22:33]} 43. Qd7 {[%clk 0:22:30]}  g6 {[%clk 0:11:53]} 44. Qc8+ {[%clk 0:11:52]}  Kf7 {[%clk 0:10:43]} 45. Nd8+ {[%clk 0:11:54]}  Kg7 {[%clk 0:08:50]} 46. Ne6+ {[%clk 0:04:56]}  Kf7 {[%clk 0:08:51]} 47. Nd8+ {[%clk 0:04:15]}  Kg7 {[%clk 0:09:04]} 48. Ne6+ {[%clk 0:04:26]} 1/2-1/2